| 000 | 01767cam a2200457 a 4500 | ||
|---|---|---|---|
| 001 | 49244454 | ||
| 003 | OCoLC | ||
| 005 | 20251119022735.0 | ||
| 008 | 020305t20021984nyua j 000 1 spa d | ||
| 020 | _a0439338050 | ||
| 020 | _a9780439338059 | ||
| 040 |
_aMGI _beng _cMGI _dOCLCQ _dIHI _dYOL _dUtOrBLW |
||
| 041 | 1 |
_aspa _heng |
|
| 050 | 4 |
_aPZ73.W84737 _bLit 2002 |
|
| 082 | 0 | 4 |
_aE _bWo |
| 092 | _aSP E WOO | ||
| 100 | 1 |
_aWood, Don, _d1945- |
|
| 240 | 1 | 0 |
_aLittle mouse, the red ripe strawberry, and the big hungry bear. _lSpanish. |
| 245 | 1 | 3 |
_aEl ratoncito, la fresa roja y madura, y el gran oso hambriento / _cpor Don y Audrey Wood ; ilustrado por Don Wood ; traducido por Teresa Mlawer. |
| 260 |
_aNew York : _bScholastic, _c[2002], c1984. |
||
| 264 | 1 |
_aNew York : _bScholastic, _c[2002] |
|
| 264 | 4 | _cc1984. | |
| 300 |
_a1 volume (unpaged) : _bcolor illustrations ; _c25 cm. |
||
| 336 |
_atext _btxt _2rdacontent. |
||
| 337 |
_aunmediated _bn _2rdamedia. |
||
| 338 |
_avolume _bnc _2rdacarrier. |
||
| 340 | _2rdaill. | ||
| 500 | _aTranslation of: The little mouse, the red ripe strawberry, and the big hungry bear. | ||
| 500 | _a"This edition is only available for distribution through the school market"--P. [4] of cover. | ||
| 520 | _aA little mouse is determined to keep a big hungry bear from eating the strawberry he has picked with much effort. | ||
| 521 | 8 |
_aAD570L _bLexile. |
|
| 526 | 0 |
_aAccelerated Reader AR _bLG _c3.5 _d0.5 _z105285. |
|
| 526 | 0 |
_aAccelerated Reader _bLG _c3.5 _d0.5 _z105285. |
|
| 650 | 1 |
_aMice _vFiction. |
|
| 650 | 1 |
_aStrawberries _vFiction. |
|
| 650 | 0 |
_aSpanish language materials _vJuvenile fiction. |
|
| 655 | 7 |
_aPicture books. _2lcgft. |
|
| 700 | 1 | _aWood, Audrey. | |
| 700 | 1 | _aMlawer, Teresa. | |
| 942 | _cBK | ||
| 999 |
_c31187 _d31185 |
||